000 00657nam a22002177a 4500
005 20170124110040.0
010 _a288269
020 _c00.00
035 _a288269
037 _bCen Lib/Ret
040 _aDPL
_bEN
082 _a884
_bLIT
245 _aLiterary by-paths :
_ccompiled and edited by Mabel A.Besey [and] Monica D.Ryan
_ba collection of essays /
260 _bLyons and Carnahan
_c1934
_aNew York
300 _avii,424p. :
_c19cm(Hb)
_bill.
650 _aAmerican essays
_923475
650 _aEnglish essays
_921298
700 _aBessey, Mabel A.
_923476
700 _aRyan, Monica D.
_923477
942 _2ddc
_cEN
_h884
_mLIT
999 _c128462
_d128462